| 000 | 00737na a2200229 4500 | ||
|---|---|---|---|
| 001 | 15928 | ||
| 003 | MIRAKIL | ||
| 005 | 20181213155149.0 | ||
| 008 | 161108b tu 000 0 | ||
| 035 | _a15928 | ||
| 040 |
_aMilas _btur _cTR-AnCHP |
||
| 082 |
_aCHP 324.092 _bE13b 1974 |
||
| 090 | _aCHP 324.092 E13b 1974 | ||
| 245 |
_aBaşbakan Ecevit'le sohbet _cAbdi ipekçi, kapak düzeni Ozan sadıç |
||
| 260 |
_aAnkara _bTanıtma Komitesi Yayınları _c1974 |
||
| 300 |
_a170 s. _c17 sm. |
||
| 600 |
_aEcevit, Bülent _xSiyasal ve sosyal görüşler _xRöportajlar |
||
| 650 |
_aSiyasal partiler _xTürkiye _xSöyleşiler |
||
| 650 |
_aBaşbakanlar _xRöportajlar |
||
| 651 |
_aTürkiye _xSiyaset ve yönetim |
||
| 942 |
_2dcc _cBKS |
||
| 999 |
_c7815 _d7815 |
||